000 01252cam a2200253 4500
001 ABS63275
008 000000n2000 000 0 eng u
035 _a(Sirsi) u110057
100 _aBarnes, R
245 _aToo much obliged
260 _c2000
490 _aBuilding
_v265(8164) 1 December 2000, 60-61(2)
520 _aLooks at the relationship between contractors and consultants especially where design and build forces contractors to rely more on their consultants than they would under a traditional contract. This means that if contractors suffer from any setback or loss, they may seek to recoup the loss from their consultants. The article lists the areas in which consultants appointed by design and build contractors may have greater liability than if they had been engaged directly by the employer and briefly looks at how liability can be limited through contracts and collateral warranties.
590 _aABS
650 _aBUILDING CONTRACTORS
650 _aCONSULTANTS
650 _aDESIGN AND BUILD
650 _aContracts
_96232
650 _aTENDERS
650 _aBUILT ENVIRONMENT-BUILDING CONTRACT FORMS-CONSTRUCTION COLLATERAL WARRANTY FORMS
650 _aLIABILITY
690 _aProcurement
_96260
942 _n0
999 _c65648
_d65648